| Tag |
First Indicator |
Second Indicator |
Subfields |
| LEADER |
00000cam a2200000 i 4500 |
| 001 |
in00004073521 |
| 005 |
20191021074733.0 |
| 008 |
171212t20182018snc b 101 0deng d |
| 010 |
|
|
|a 2018411092
|
| 020 |
|
|
|a 9780889775367
|q (softcover)
|
| 020 |
|
|
|a 0889775362
|q (softcover)
|
| 020 |
|
|
|z 9780889775374
|q (pdf)
|
| 020 |
|
|
|z 0889775370
|q (pdf)
|
| 020 |
|
|
|z 9780889775381
|q (html)
|
| 020 |
|
|
|z 0889775389
|q (html)
|
| 035 |
|
|
|a (OCoLC)on1036334746
|
| 040 |
|
|
|a NLC
|b eng
|e rda
|c NLC
|d CDX
|d C#P
|d TXA
|d UtOrBLW
|
| 049 |
|
|
|a TXAM
|
| 055 |
|
0 |
|a LB2322.2
|b D57 2018
|
| 082 |
0 |
|
|a 378
|2 23
|
| 090 |
|
0 |
|a LB2322.2
|b .D57 2018
|
| 245 |
0 |
0 |
|a Dissident knowledge in higher education /
|c edited with an introduction by Marc Spooner & James McNinch.
|
| 264 |
|
1 |
|a Regina, Saskatchewan :
|b University of Regina Press,
|c [2018]
|
| 264 |
|
4 |
|c ©2018
|
| 300 |
|
|
|a xxxii, 319 pages ;
|c 23 cm.
|
| 336 |
|
|
|a text
|b txt
|2 rdacontent
|
| 337 |
|
|
|a unmediated
|b n
|2 rdamedia
|
| 338 |
|
|
|a volume
|b nc
|2 rdacarrier
|
| 504 |
|
|
|a Includes bibliographical references and index.
|
| 500 |
|
|
|a Papers from a conference held in July 2015 at the University of Regina.
|
| 505 |
0 |
|
|a A dangerous accountability : neoliberalism's veer toward accountancy in higher education / Yvonna S. Lincoln -- The art of the impossible -- defining and measuring indigenous research? / Linda Tuhiwai Smith -- An interview with Dr. Norman K. Denzin on the politics of evidence, science, and research -- An interview with Dr. Noam Chomsky on neoliberalism, society, and higher education -- Accumulation and its dis'(sed) contents : the politics of evidence in the struggle for public education / Michelle Fine -- Beyond epistemicide : knowledge democracy and higher education / Budd L. Hall -- Within and beyond neoliberalism : doing qualitative research in the afterward / Patti Lather -- Reconciling indigenous knowledge in education : promises, possibilities, and imperatives / Marie Battiste -- Biting the university that feeds us / Eve Tuck -- Refusing the university / Sandy Grande -- Beyond individualism : the psychosocial life of the neoliberal university / Rosalind Gill -- Fatal distraction : audit culture and accountability in the corporate university / Joel Westheimer -- Public scholarship and faculty agency : rethinking "teaching, scholarship, and service" / Christopher Meyers -- Afterword : the defenestration of democracy / Peter McLaren.
|
| 650 |
|
0 |
|a Academic freedom
|x Political aspects
|v Congresses.
|
| 650 |
|
0 |
|a Neoliberalism
|v Congresses.
|
| 650 |
|
0 |
|a Dissenters
|v Congresses.
|
| 650 |
|
0 |
|a Education, Higher
|x Political aspects
|v Congresses.
|
| 650 |
|
0 |
|a Universities and colleges
|x Research
|x Political aspects
|v Congresses.
|
| 650 |
|
7 |
|a EDUCATION / General.
|2 bisacsh
|
| 700 |
1 |
|
|a McNinch, James,
|d 1947-
|e editor,
|e writer of introduction.
|0 http://id.loc.gov/authorities/names/n2004092025
|
| 700 |
1 |
|
|a Spooner, Marc,
|d 1969-
|e editor,
|e writer of introduction.
|0 http://id.loc.gov/authorities/names/no2018083237
|
| 945 |
|
|
|a PromptCat
|
| 948 |
|
|
|a cataloged
|b h
|c 2019/6/3
|d c
|e dmitchel
|f 4:30:20 pm
|
| 994 |
|
|
|a C0
|b TXA
|
| 999 |
f |
f |
|s 144488a9-29f4-3946-94f2-7f817ea2eb1c
|i 9af30058-4b8b-3260-a14d-1335bdbd731d
|t 0
|
| 952 |
f |
f |
|p normal
|a Texas A&M University
|b College Station
|c Sterling C. Evans Library
|d Evans: Library Stacks
|t 0
|e LB2322.2 .D57 2018
|h Library of Congress classification
|i unmediated -- volume
|m A14850864654
|
| 998 |
f |
f |
|a LB2322.2 .D57 2018
|t 0
|l Evans: Library Stacks
|